| 000 | 00619nam a2200181 u 4500 | ||
|---|---|---|---|
| 005 | 20240601063735.0 | ||
| 008 | 090924s2006 r 000 0 eng d | ||
| 020 | _a9589785476 | ||
| 035 | _aUPN01000172579 | ||
| 049 | _aCG | ||
| 050 | 4 |
_aLB1027.3 _bD4.7 |
|
| 245 | 0 | 0 |
_aDesarrollo de la educacion y educación para el desarrollo integral : _bcontribuciones desde la pedagogía del texto / _corganizador Antonio Faundez. |
| 260 |
_aMedellín, Col. : _bUniversidad de Medellin, _c2006. |
||
| 300 | _a267 p. | ||
| 650 | 4 |
_aEducación _xMétodos experimentales _95868 |
|
| 650 | 4 |
_aPsicopedagogía _95085 |
|
| 905 | _aLibro | ||
| 999 |
_c144683 _d144683 |
||